000 00449nam a2200157Ia 4500
008 151021s9999 xx 000 0 und d
020 _a9966915419
050 _aJQ 2947 .C91G68 2002
245 _a_Electroral Politics in Kenya / Ludeki Chweya
260 _aNairobi : ClariPress, 2002
300 _aix,226 p.
500 _aIncludes index
500 _aIncludes index
650 _a_Politics in Kenya
980 _a^d20121109 08:56:14^oanne
999 _c12760
_d12760